000 00504nam a2200181Ia 4500
005 20250508151310.0
008 008 250505s9999 xx 000 0 eng d
037 _aTextual
040 _aFEDL
_beng
_cFEDL
041 _aeng
_2eng
084 _a371.426, MIL
_qFEDL
100 _aMills H R
_991154
245 0 _aTechniques of technical training
260 _aLondon, UK
_bCleaver - Hume Press Ltd
_c1953
300 _a195p
942 _cTEXL
_h371.426, MIL
999 _c1328921
_d1328921